| 000 | 00928nam a2200289 i 4500 | ||
|---|---|---|---|
| 001 | 88746 | ||
| 003 | ES-MaACL | ||
| 005 | 20260209170025.0 | ||
| 007 | t| | ||
| 008 | 041209s1974 xxu ||||1| eng d | ||
| 020 | _a1-55652-072-7 | ||
| 080 | _a930.85(32) | ||
| 080 | _a930.85(=96) | ||
| 080 | _a966/967 | ||
| 100 | 1 |
_aDiop, Cheikh Anta, _d1923-1986 _eaut _944857 |
|
| 245 | 1 | 4 |
_aThe African origin of civilization : _bmyth or reality / _cCheikh Anta Diop ; translated from the french by Mercer Cook |
| 250 | _a1st. ed. | ||
| 260 |
_aChicago : _bLawrence Hill Books, _c1974 |
||
| 300 |
_aXVII, 317 p. : _bil. ; _c21 cm. |
||
| 651 | 4 |
_aEgipto- _xCivilización _98138 |
|
| 651 | 4 |
_aÁfrica subsahariana- _xHistoria _97605 |
|
| 700 | 1 |
_aCook, Mercer _etrl _940350 |
|
| 852 |
_aES-MaACL _bR.134708 _jE-10589 _cDEPO2 |
||
| 942 |
_2udc _cMONOGRAFIA _n0 |
||
| 999 |
_c88746 _d88746 |
||